[Event "Challenge"]
[Site "http://www.queenalice.com/game.php?id=617619"]
[Date "2009.7.12"]
[Round "-"]
[White "rheenz"]
[Black "nowonas"]
[Result "1-0"]
[WhiteElo "2135"]
[BlackElo "2192"]

1. c4 b6 2. Nf3 Bb7 3. g3 Nf6 4. Bg2 e6 5. O-O Na6 6. d4 Be7 7. Nc3 O-O 8. a3
Ne4 9. d5 Nxc3 10. bxc3 Bf6 11. Nd4 Nc5 12. Qc2 a6 13. a4 exd5 14. cxd5 d6 15.
Bb2 Re8 16. c4 Qd7 17. Ra2 Qg4 18. h3 Qh5 19. g4 Qg6 20. Nf5 Bc8 21. Bxf6 Qxf6
22. e4 Bxf5 23. exf5 h5 24. Ra3 hxg4 25. hxg4 Qd4 26. Rg3 Re5 27. f6 gxf6 28.
Rh3 Rae8 29. Qh7+ Kf8 30. Qh4 Re1 31. Qh8+ 1-0

[Event "Challenge"]
[Site "http://www.queenalice.com/game.php?id=617620"]
[Date "2009.7.12"]
[Round "-"]
[White "nowonas"]
[Black "rheenz"]
[Result "1-0"]
[WhiteElo "2179"]
[BlackElo "2190"]

1. e4 e6 2. f4 d5 3. e5 c5 4. Nf3 Bd7 5. c4 d4 6. Na3 b6 7. d3 Bc6 8. Be2 Ne7 9.
O-O Na6 10. Bd2 g6 11. Nc2 Bg7 12. b4 Nc7 13. a4 a5 14. b5 Bb7 15. Ng5 h6 16.
Nh3 Ra7 17. Bf3 Qa8 18. Bxb7 Qxb7 19. g4 h5 20. g5 O-O 21. Nf2 Nf5 22. Ne4 Rd8
23. Qf3 Ne8 24. Rab1 Kf8 25. Ne1 Ke7 26. Ng2 Qa8 27. Qh3 Rad7 28. Nh4 Ne3 29.
Rf2 Nf5 30. Nxf5+ exf5 31. Nxc5 bxc5 32. b6 Qc6 33. Rb5 Ra8 34. Bxa5 Ke6 35. Qg2
Qxg2+ 36. Kxg2 Bf8 37. b7 Rb8 38. Rfb2 Nc7 39. Bxc7 Rxc7 40. a5 1-0

[Event "Challenge"]
[Site "http://www.queenalice.com/game.php?id=653428"]
[Date "2009.9.16"]
[Round "-"]
[White "nowonas"]
[Black "thedead"]
[Result "1-0"]
[WhiteElo "2178"]
[BlackElo "1607"]

1. e4 e5 2. f4 exf4 3. Nf3 d6 4. d4 g5 5. Nc3 g4 6. Bxf4 gxf3 7. Qxf3 Ne7 8.
O-O-O h5 9. e5 d5 10. h3 Nbc6 11. Bg5 Be6 12. Bf6 Rh7 13. Bd3 Nxd4 14. Qf2 Ndf5
15. Bxf5 Bxf5 16. Bxe7 Qxe7 17. Qxf5 Bh6+ 18. Kb1 1-0

[Event "Challenge #03"]
[Site "http://www.queenalice.com/game.php?id=653429"]
[Date "2009.9.16"]
[Round "-"]
[White "Aylton"]
[Black "nowonas"]
[Result "0-1"]
[WhiteElo "1898"]
[BlackElo "2181"]

1. f4 e5 2. fxe5 d6 3. exd6 Bxd6 4. Nf3 Nf6 5. e3 Ng4 6. Be2 Bxh2 7. d3 Bg3+ 8.
Kd2 Qe7 9. e4 Nf2 10. Qf1 Nc6 11. Rg1 Bf4+ 12. Kc3 Qb4# 0-1

[Event "Challenge #04"]
[Site "http://www.queenalice.com/game.php?id=653430"]
[Date "2009.9.16"]
[Round "-"]
[White "nowonas"]
[Black "Aylton"]
[Result "1-0"]
[WhiteElo "2185"]
[BlackElo "2005"]

1. e4 c5 2. d4 cxd4 3. Nf3 Nc6 4. Nxd4 e5 5. Nxc6 bxc6 6. Qh5 d6 7. Bc4 g6 8.
Qf3 Qc7 9. Nc3 Bg7 10. Bg5 h6 11. Bh4 g5 12. Bg3 Nf6 13. Qd3 O-O 14. O-O-O a5
15. Qxd6 Qxd6 16. Rxd6 Bb7 17. Bxe5 Ne8 18. Rg6 Kh7 19. Bxg7 Nxg7 20. Rf6 Ne6
21. Bxe6 fxe6 22. Rxe6 Bc8 23. Rxc6 Rxf2 24. Nd5 Bg4 25. Nf6+ 1-0

[Event "AUTO-OPEN-1817"]
[Site "http://www.queenalice.com/game.php?id=705423"]
[Date "2009.12.29"]
[Round "1"]
[White "nowonas"]
[Black "ishamael13"]
[Result "1-0"]
[WhiteElo "2191"]
[BlackElo "1900"]

1. Nf3 d6 2. e4 e5 3. Bc4 h6 4. d4 Bg4 5. dxe5 Bxf3 6. Qxf3 Qd7 7. Qb3 c6 8. e6
fxe6 9. Bxe6 Qe7 10. Bxg8 Qxe4+ 11. Kd1 Qd4+ 12. Nd2 1-0

[Event "AUTO-OPEN-1817"]
[Site "http://www.queenalice.com/game.php?id=705424"]
[Date "2009.12.29"]
[Round "1"]
[White "ishamael13"]
[Black "nowonas"]
[Result "0-1"]
[WhiteElo "1914"]
[BlackElo "2205"]

1. e4 e5 2. Bc4 Nf6 3. Nc3 Bb4 4. Nge2 O-O 5. O-O Nxe4 6. f4 d5 7. Nxd5 b5 8.
Nxb4 bxc4 9. d3 c5 10. dxe4 cxb4 11. Ng3 Nc6 12. b3 Qb6+ 13. Kh1 Qd4 14. Bd2 Rd8
15. Be3 Qxe3 0-1

[Event "AUTO-OPEN-1817"]
[Site "http://www.queenalice.com/game.php?id=705427"]
[Date "2009.12.29"]
[Round "1"]
[White "nowonas"]
[Black "alvarogoulart"]
[Result "1-0"]
[WhiteElo "2208"]
[BlackElo "1724"]

1. e4 e5 2. f4 exf4 3. Nf3 Bc5 4. d4 Bb6 5. Bc4 d6 6. Bxf4 Nf6 7. Qd3 O-O 8. O-O
Bg4 9. Nbd2 Nc6 10. c3 Na5 11. e5 dxe5 12. Nxe5 Be6 13. Bg5 Nxc4 14. Ndxc4 c5
15. Nxb6 axb6 16. Rf4 Nh5 17. Bxd8 Nxf4 18. Qe4 f5 19. Qxf4 Raxd8 20. b3 cxd4
21. cxd4 Bd5 22. Rc1 Be4 23. h4 Rxd4 24. h5 h6 25. Ng6 Rfd8 26. Ne7+ Kh8 27.
Nxf5 Bxf5 28. Qxf5 R4d5 29. Qf3 b5 30. Rc8 Rxc8 31. Qxd5 Rc2 32. Qxb5 Rxa2 33.
Qxb7 Rb2 34. b4 Kg8 35. b5 Kh7 36. b6 Rb4 37. Qc7 Rh4 38. Qe7 Rxh5 39. Qe4+ Kg8
40. Qe8+ 1-0

[Event "AUTO-OPEN-1817"]
[Site "http://www.queenalice.com/game.php?id=705428"]
[Date "2009.12.29"]
[Round "1"]
[White "alvarogoulart"]
[Black "nowonas"]
[Result "0-1"]
[WhiteElo "1817"]
[BlackElo "2209"]

1. e4 Nf6 2. e5 Nd5 3. Bc4 Nb6 4. Nf3 Nxc4 5. d4 c5 6. d5 Qb6 7. b3 Qa5+ 8. Nbd2
Qc3 9. Rb1 Nxe5 10. Bb2 Nxf3+ 11. gxf3 Qa5 12. Qe2 Qxa2 13. O-O Kd8 14. Nc4 Qa6
15. Be5 Qg6+ 16. Bg3 h5 17. Rbd1 d6 18. h4 f5 19. f4 b5 20. Ne3 b4 21. Ra1 e5
22. Kh1 e4 23. Rg1 a6 24. Kh2 Qf7 25. Rgd1 g6 26. Nc4 Bg7 27. Ra5 Qe7 28. Re1
Bf6 29. Rd1 Bxh4 30. Rg1 Bf6 31. Kg2 h4 32. Bh2 Bb7 33. Nb6 Bd4 34. Nxa8 Bxa8
35. Rga1 Bxa1 36. Rxa1 Bxd5 37. Kf1 Bb7 38. Kg2 h3+ 39. Kf1 Nc6 40. Rd1 Nd4 41.
Qc4 Kd7 42. Re1 Nf3 0-1

[Event "AUTO-MASTER-997"]
[Site "http://www.queenalice.com/game.php?id=705557"]
[Date "2009.12.29"]
[Round "1"]
[White "nowonas"]
[Black "holpache"]
[Result "0-1"]
[WhiteElo "2213"]
[BlackElo "2613"]

1. e4 c5 2. d4 cxd4 3. Nf3 Nc6 4. Nxd4 Nf6 5. Nc3 d6 6. Bb5 Bd7 7. O-O g6 8. Be3
Bg7 9. Nxc6 bxc6 10. Be2 O-O 11. f4 Rb8 12. e5 Ne8 13. Rb1 dxe5 14. Bxa7 Rb7 15.
Bc5 exf4 16. Rxf4 Qb8 17. Rf3 Bf5 18. b4 Be5 19. h3 Nf6 20. Qd2 Nd7 21. Bxe7 Re8
22. Bg5 Rxb4 23. Rxb4 Qxb4 24. Rxf5 Bd4+ 25. Rf2 Nc5 26. Bf6 Be3 27. Qd6 Bxf2+
28. Kxf2 Qxc3 29. Bxc3 Ne4+ 30. Kf3 Nxd6 31. Bd3 Nb5 32. Bf6 Ra8 33. Bc4 Nd4+
34. Bxd4 Ra4 0-1

[Event "AUTO-MASTER-997"]
[Site "http://www.queenalice.com/game.php?id=705558"]
[Date "2009.12.29"]
[Round "1"]
[White "holpache"]
[Black "nowonas"]
[Result "1-0"]
[WhiteElo "2620"]
[BlackElo "2212"]

1. e4 e5 2. Nf3 Nc6 3. Bb5 Bc5 4. O-O Nd4 5. Nxd4 Bxd4 6. c3 Bb6 7. d4 c6 8. Ba4
d6 9. Na3 Nf6 10. Nc4 exd4 11. Nxb6 Qxb6 12. Qxd4 Qxd4 13. cxd4 O-O 14. f3 Be6
15. Bc2 d5 16. e5 Nd7 17. f4 f5 18. b3 b6 19. Ba3 c5 20. Rac1 Rac8 21. Bd3 Kf7
22. Rc2 Rc7 23. Rfc1 h5 24. dxc5 bxc5 25. Bxc5 Rxc5 26. Rxc5 Nxc5 27. Rxc5 Rc8
28. Ra5 Rc7 29. Kf2 d4 30. Ra4 Rd7 31. Ke2 h4 32. Bb5 Rb7 33. Bd3 Rd7 34. Kd2 g6
35. Be2 Ke7 36. Bf3 Kf7 37. Kd3 Rc7 38. Ra6 1-0

[Event "AUTO-MASTER-997"]
[Site "http://www.queenalice.com/game.php?id=705559"]
[Date "2009.12.29"]
[Round "1"]
[White "nowonas"]
[Black "d2d4"]
[Result "1-0"]
[WhiteElo "2210"]
[BlackElo "1926"]

1. g4 d5 2. Bg2 Bxg4 3. c4 e6 4. cxd5 exd5 5. Qb3 Nf6 6. Qxb7 Nbd7 7. Qc6 Be6 8.
Nc3 Bd6 9. Nxd5 Bxd5 10. Bxd5 Nxd5 11. Qxd5 O-O 12. Nf3 Nf6 13. Qg5 h6 14. Qh4
Re8 15. Rg1 Kf8 16. d3 Qe7 17. e4 Ng8 18. Qxe7+ Rxe7 19. Be3 a5 20. Rc1 Rb8 21.
b3 Ba3 22. Rc6 Rd8 23. Bd4 Red7 24. Bxg7+ Ke7 25. Ne5 Rd6 26. Rxc7+ 1-0

[Event "AUTO-MASTER-997"]
[Site "http://www.queenalice.com/game.php?id=705560"]
[Date "2009.12.29"]
[Round "1"]
[White "d2d4"]
[Black "nowonas"]
[Result "0-1"]
[WhiteElo "1870"]
[BlackElo "2161"]

1. Nf3 d5 2. d4 Nf6 3. c4 c6 4. Nc3 e6 5. e3 Bb4 6. Bd3 Nbd7 7. O-O dxc4 8. Bxc4
O-O 9. Qc2 Qc7 10. a3 Bd6 11. e4 b5 12. Bd3 e5 13. d5 cxd5 14. exd5 Bb7 15. Nxb5
Qxc2 16. Bxc2 Bc5 17. b4 Bb6 18. Rd1 Bxd5 19. Ne1 a6 20. Nc3 Bd4 21. Bb2 Bc6 22.
Bf5 Nb6 23. Bd3 e4 24. Bf1 Rfd8 25. Nc2 Bxc3 26. Bxc3 Nfd5 27. Bd4 Ba4 28. Rdc1
Bb5 0-1

[Event "AUTO-MASTER-997"]
[Site "http://www.queenalice.com/game.php?id=705561"]
[Date "2009.12.29"]
[Round "1"]
[White "nowonas"]
[Black "TheAlchemist"]
[Result "1-0"]
[WhiteElo "2194"]
[BlackElo "2164"]

1. e4 e5 2. Nf3 Nc6 3. d4 exd4 4. Nxd4 Bc5 5. Be3 Qf6 6. Nb5 Bxe3 7. fxe3 Qh4+
8. g3 Qxe4 9. Nxc7+ Kd8 10. Nc3 Qxh1 11. Nxa8 Qxh2 12. Qd6 Nge7 13. Qc7+ Ke8 14.
Nb5 Qg1 15. Nd6+ Kf8 16. O-O-O Qxe3+ 17. Kb1 Qxg3 18. Bb5 1-0

[Event "AUTO-MASTER-997"]
[Site "http://www.queenalice.com/game.php?id=705562"]
[Date "2009.12.29"]
[Round "1"]
[White "TheAlchemist"]
[Black "nowonas"]
[Result "1/2-1/2"]
[WhiteElo "2155"]
[BlackElo "2210"]

1. e4 d5 2. exd5 Nf6 3. c4 e6 4. dxe6 Bxe6 5. Nf3 Nc6 6. Be2 Bc5 7. O-O Qd6 8.
b4 Bd4 9. Nc3 Qxb4 10. Rb1 Qa5 11. Rxb7 Bb6 12. Nb5 O-O-O 13. Rxb6 cxb6 14. d4
Qxa2 15. d5 Bg4 16. Bf4 Rhe8 17. Bd3 Nb4 18. Nd6+ Rxd6 19. Bxd6 Nxd3 20. Qxd3
Bxf3 21. Qxf3 Qxc4 22. Bf4 Qxd5 23. Rc1+ Kb7 24. Qc3 Ka8 25. h3 Qe4 26. Bg3 Qe7
27. Qf3+ Qb7 28. Qf5 Qe4 29. Qb5 Qd5 30. Qa6 Qb7 31. Qc4 Ne4 32. Re1 Re6 1/2-1/2

[Event "Challenge"]
[Site "http://www.queenalice.com/game.php?id=779925"]
[Date "2010.5.24"]
[Round "-"]
[White "yeye2"]
[Black "nowonas"]
[Result "1-0"]
[WhiteElo "1301"]
[BlackElo "2213"]

1. e4 d5 2. f3 d4 3. c3 e5 4. d3 Nc6 5. Na3 Bxa3 6. bxa3 dxc3 7. Qc2 Nd4 8. Qxc3
Ne7 9. Be3 Nec6 10. Rb1 O-O 11. Ne2 1-0

[Event "Challenge"]
[Site "http://www.queenalice.com/game.php?id=780380"]
[Date "2010.5.25"]
[Round "-"]
[White "highlander7"]
[Black "nowonas"]
[Result "1-0"]
[WhiteElo "2365"]
[BlackElo "2164"]

1. e4 e5 2. Nf3 Nc6 3. Bb5 f5 4. d3 fxe4 5. dxe4 Nf6 6. O-O d6 7. Nc3 Bd7 8. a4
Be7 9. Bc4 Bg4 10. h3 Bh5 11. g4 Bg6 12. Ng5 Nd4 13. Nb5 Nxe4 14. Nxe4 Nxb5 15.
Bxb5+ c6 16. Bd3 d5 17. Ng3 e4 18. Be2 Qd6 19. Be3 Bh4 20. Kg2 O-O 21. c4 Rad8
22. Qb3 b6 23. cxd5 cxd5 24. a5 Rd7 25. axb6 1-0

[Event "AUTO-OPEN-1817"]
[Site "http://www.queenalice.com/game.php?id=786071"]
[Date "2010.6.5"]
[Round "2"]
[White "cristiane4"]
[Black "nowonas"]
[Result "0-1"]
[WhiteElo "1577"]
[BlackElo "2158"]

1. e4 e5 2. Nf3 Nc6 3. Bb5 f5 4. d3 fxe4 5. dxe4 Nf6 6. O-O d6 7. Bg5 Be7 8. Nc3
Bg4 9. h3 Bh5 10. Nd5 O-O 11. Kh1 Nxd5 12. Bxe7 Ncxe7 13. Qe2 Bxf3 14. gxf3 Nf4
15. Qc4+ Ned5 16. exd5 Qh4 17. Bd7 b5 18. Be6+ Kh8 19. Qe4 Rae8 20. Bg4 Nxh3 0-1